humoristes francophones - Statistiques

Statistiques générales
  • Ce quiz a été pris 51 fois
  • Le résultat moyen est 19 sur 56
Statistiques - réponses
Par images Réponse % Correct
Coluche
92%
Franck Dubosc
85%
Anne Roumanoff
82%
Florence Foresti
82%
Les Inconnus
82%
Eric et Ramzy
79%
Fabrice Eboué
77%
Dieudonné
74%
Jeremy Ferrari
74%
Alban Ivanov
72%
Blanche Gardin
67%
Laura Felpin
62%
Elodie Poux
56%
Anthony Kavanagh
51%
Guillaume Bats
51%
Guy Bedos
51%
Thomas Ngijol
49%
Shirley et Dino
46%
Thierry Le Luron
46%
Laura Laune
44%
Daniel Prevost
41%
Michel Leeb
41%
Pierre Desproges
41%
Mathieu Madenian
28%
Nous c nous
28%
Stephane Rousseau
28%
Bun Hay Mean
26%
Doully
26%
Nicole Ferroni
26%
Popeck
26%
Constance
23%
Gaspard Proust
23%
Sylvie Joly
23%
Jean Roucas
21%
Roland Magdane
21%
Sophia Aram
21%
Christophe Aleveque
18%
Pierre Dac
18%
Tania Dutel
18%
Fernand Raynaud
15%
Fanny Ruwet
13%
La Bajon
13%
Nadia Roz
13%
Pierre Emmanuel Barré
13%
les freres ennemis
10%
Courtemanche
8%
Elisabeth Buffet
8%
Pierre Repp
5%
Sophie Daumier
5%
Zouc
5%
Jacques Mailhot
3%
Alex Metayer
0%
Claude Vega
0%
Jacques Boudoin
0%
Laurent Violet
0%
Pierre Pechin
0%
Aucun quiz correspondant
Distribution des résultats
% des personnes avec chaque résultat
Percentile par nombre de réponses
Votre historique - résultats
Vous n’avez pas pris ce quiz